000 01278nam0a22003851 4500
001 v19\rc\1934718
005 20251118180749.1
035 _a(NLR Aleph) 005019243
090 _a6571183
_c6571183
100 _a20080404d1912 u y0rusy50 ca
101 0 _arus
102 _aRU
105 _aa z |||||
135 _acrcn 024anaba
200 1 _aСказки африканских народов
_fСост. Н.А.К.
210 _aМосква
_cИ. Кнебель
_d1912
215 _a276, III с.
_cил.
_d22
325 _aКопия доступна в Электрон. б-ке РНБ
702 0 _aН.А.К.
_4220
801 0 _aRU
_bNLR
_gpsbo
801 0 _aRU
_bRuMoRGB
_2psbo
801 1 _aRU
_bProSoft-M
_2rusmarc
852 _aNLR
_j130/3375
856 0 _uhttps://vivaldi.nlr.ru/bx000034661/view
856 1 _uhttps://vivaldi.nlr.ru/bx000034661/cover
856 2 _uhttps://vivaldi.nlr.ru/bx000034661/text
899 _aRuMoRGB
_jM 71/44
899 _aRuMoRGB
_jM 128/266
899 _aБАН
942 _cBOOK
980 _aNB
981 3 3 _a(33) Художественная литература
_b(33) Зарубежная литература